Movies Quiz

Random Movies or Disney Quiz

Disney Sidekicks Quiz Stats

 Plays Quiz Updated Apr 19, 2020

     
Support Sporcle.
Go Orange.
Score 0/25 Timer 06:00
1 Play Today
Sidekick % Correct
Timon
93.2%
Tinker Bell
91.1%
Thumper
85.6%
Pluto
82.7%
Jiminy Cricket
76.4%
Eeyore
75.3%
Abu
73.6%
Pegasus
68.1%
Smee
63.2%
Iago
61.7%
Little John
61.7%
Gus
59.9%
Mushu
58.5%
Sidekick % Correct
Scuttle
46%
Rajah
45.2%
Bagheera
43.1%
Flit
42.8%
Maximus
36.7%
Terk
32.2%
LeFou
27.6%
Archimedes
26.2%
Timothy Q. Mouse
23%
Louis
20.7%
Roquefort
8.5%
Nutsy
8.2%

From the Vault

DreamWorks Character Sorting Gallery

by Chenchilla

Movies 7m
Ogres, and dragons, and kung fu bears! Oh my!
Remove Ads.
Support Sporcle.
Get the best of Sporcle when you Go Orange. This ad-free experience offers more features, more stats, and more fun while also helping to support Sporcle. Thank you for becoming a member.

Show Comments

Extras

Top Quizzes Today


Score Distribution

Your Account Isn't Verified!

In order to create a playlist on Sporcle, you need to verify the email address you used during registration. Go to your Sporcle Settings to finish the process.

Report this User

Report this user for behavior that violates our Community Guidelines.

Details: